000 00398nam a2200169Ia 4500
008 221030s9999 xx 000 0 und d
020 _a8174090355
041 _aEnglish
082 _a105.23
_bMub
100 _aA. Mubeen
245 0 _aMaterials Science
_cby A. Mubeen, F. Mubeen
260 _bKhanna Pub
_aNew Delhi
_c1999
300 _a720
650 _aEE
700 _aF. Mubeen
942 _cBK
999 _c7894
_d7894